000 02572nam a22002777a 4500
999 _c1298
_d1298
003 AR-BaISA
005 20230412155843.0
007 ta
008 230412s2007 ag ad||| |||| 000 0 spa d
020 _a9789875581302
040 _bspa
_cAR-BaISA
082 0 4 _222
_a612.022 G582
245 1 0 _aCronobiología humana:
_britmos y relojes biológicos en la salud y en la enfermedad /
_cDiego A. Golombek (compilador)
250 _a2a. ed.
260 _aBernal:
_bUniversidad Nacional de Quilmes,
_c2007
300 _a422 p.:
_bil., gráfs.
490 1 _aBiomedicina
504 _aBibliografía al final de cada capítulo.
504 _aBibliografía p.: 412-422.
505 _tAlberto Díaz / Prólogo --
_tDaniel E. Gomez / Presentación de la segunda edición --
_tAntoni Díez Noguera / Métodos de análisis de los ritmos biológicos --
_tMario E. Guido, Horacio O.de la Iglesia / Bases moleculares de la cronobiología --
_tRaúl Aguilar Roblero, Daniel Granados-Fuentes, Ivette Caldelas, Alberto Salazar-Juárez, Carolina Escobar / Bases neurales de la cronobiología humana: el sistema circadiano distribuido --
_tMirian David Marques / Ritmos biológicos y ciclos ambientales: sincronización --
_tLuiz Menna-Barreto / Ontogénesis de la ritmicidad biológica humana --
_tMartín Cadeiras / Aspectos cronobiológicos de las enfermedades cardiovasculares --
_tMarcelo E. Katz, Luciano Marpegán, Tristán Bekinschtein / Ritmos diarios y circadianos en el sistema inmunológico --
_tHoracio O. de la Iglesia / Ritmos hormonales y reproductivos --
_tRegina M. Markus, Cristiane Lopes / La glándula pineal y la melotonina --
_tPaola C. Yannielli / Cronobiología de la ansiedad y de la depresión mayor --
_tVerónica S. Valentinuzzi / Ritmos en procesos de aprendizaje y memoria --
_tEnnio Vivaldi / El ciclio sueño-vigilia como un ritmo biológico --
_tNelia T. Vermouth / Aspectos cronobiológicos del envejecimiento --
_tJuan J. Chiesa, Diego A. Golombek / Desincronización transmeridiana por viajes aéreos (el síndrome del jet-lag) --
_tMiriam M. M. Andrade, Fernando Louzada / Ritmos biológicos en ambientes escolares --
_tClaudia R. C. Moreno, Frida M. Fischer, Lucia Rotenberg / Tolerancia al trabajo en turnos y nocturno: una cuestión multidimensional --
_tPatricia V. Agostino, Diego A. Golombek / Cronofarmacología y cronotoxicología
650 1 0 _931
_aFisiología humana
650 1 0 _92834
_aDisciplina de cronobiología
700 1 _92833
_aGolombek, Diego A.
_ecomp.
830 _92832
_aBiomedicina (Universidad Nacional de Quilmes)
942 _2ddc
_cLI
_e22